| 000 | 00650nam a2200205 a 4500 | ||
|---|---|---|---|
| 001 | 2703 | ||
| 003 | CDMR | ||
| 005 | 20131112125352.0 | ||
| 008 | 130130s1987||||||||||||||||||||||||||||d | ||
| 020 | _a0899301568 | ||
| 040 |
_aCDMR _bcat _cCDMR |
||
| 100 | 1 |
_aEvans, Fred J. _92031 |
|
| 245 | 1 | 0 |
_aManaging the media _b:proactive strategy for better business-press relations _cFred J. Evans |
| 260 |
_aConnecticut _c1987 _bQuorum Books |
||
| 650 | 0 | 4 |
_94330 _aMitjans de comunicació de massa i empreses |
| 650 | 0 | 4 |
_92775 _aRelacions públiques |
| 650 | 0 | 4 |
_92798 _aComunicació en l'empresa |
| 650 | 0 | 4 |
_94331 _aEmpreses _xEstudi de casos |
| 942 |
_cMON _2udc |
||
| 999 |
_c2703 _d2703 |
||